Business research methods (Record no. 8599)

000 -LEADER
fixed length control field 00501 a2200169 4500
020 ## - INTERNATIONAL STANDARD BOOK NUMBER
International Standard Book Number 0-03-035084-0 :
020 ## - INTERNATIONAL STANDARD BOOK NUMBER
International Standard Book Number 0-03-025817-0
040 ## - CATALOGING SOURCE
Original cataloging agency DLC
Language of cataloging DLC
082 04 - DEWEY DECIMAL CLASSIFICATION NUMBER
Classification number 658.403072
100 1# - MAIN ENTRY--PERSONAL NAME
Personal name Zikmund, William G
245 10 - TITLE STATEMENT
Title Business research methods
Statement of responsibility, etc. William G. Zikmund
250 ## - EDITION STATEMENT
Edition statement 7th ed.
260 ## - PUBLICATION, DISTRIBUTION, ETC.
Place of publication, distribution, etc. Mason, OH ;
-- [Great Britain] :
Name of publisher, distributor, etc. Thomson/South-Western,
Date of publication, distribution, etc. c2003
300 ## - PHYSICAL DESCRIPTION
Extent xix, 748 p. :
Other physical details ill. (some col.) ;
Dimensions 27 cm.
650 #0 - SUBJECT ADDED ENTRY--TOPICAL TERM
Topical term or geographic name entry element Management
General subdivision Research
942 ## - ADDED ENTRY ELEMENTS (KOHA)
Koha item type Book
Call number prefix 658.403072 ZIK
Source of classification or shelving scheme
Holdings
Withdrawn status Lost status Damaged status Not for loan Collection code Permanent Location Current Location Shelving location Date acquired Source of acquisition Cost, normal purchase price Total Checkouts Full call number Barcode Date last seen Price effective from Koha item type
          Central Library (CL) Central Library (CL) General Stacks 06/04/2005 Academic Book Company 2865.78   658.403072 ZIK SEECS005830 03/29/2023 01/05/2017 Book
© 2023 Central Library, National University of Sciences and Technology. All Rights Reserved.